00381nam a22001097a 4500008004100000082001400041100000700055245016400062260002300226300000900249440001300258230619b xxu||||| |||| 00| 0 eng d a305.4bUN cUN aCommission on the status of womenbReport on the thirty-ninth Session (15march-april 1995)cEconomic and social CouncilhOfficial records, 1995 Supplement No.6 aNew yorkbUNc1995 a101p x02520117